[Event "GBR-ch108 Under 14"]
[Site "Torquay"]
[Date "2022.08.11"]
[Round "6"]
[White "Evans, Ruben Nangalia"]
[Black "Dasgupta, Avyukt"]
[Result "1/2-1/2"]
[WhiteElo "1533"]
[BlackElo "1674"]
[PlyCount "74"]
[EventDate "2022.08.08"]
[EventType "swiss"]
[EventRounds "7"]
[EventCountry "GBR"]
[SourceTitle "BritBase"]
[Source "John Saunders"]
[SourceDate "2021.06.05"]
[SourceVersion "1"]
[SourceVersionDate "2021.06.05"]
[SourceQuality "1"]

1. d4 d5 2. c4 e6 3. Nc3 c6 4. cxd5 cxd5 5. Nf3 f5 6. Bf4 Bd6 7. Bxd6 Qxd6 8.
e3 a6 9. Be2 Nf6 10. O-O O-O 11. a3 Nc6 12. Rc1 Bd7 13. Na4 Ne7 14. Nc5 b6 15.
Nd3 Rac8 16. Nfe5 Bb5 17. Rxc8 Rxc8 18. Nf4 Bxe2 19. Qxe2 b5 20. f3 Nd7 21.
Nfd3 Nxe5 22. Nxe5 Ng6 23. Nd3 e5 24. dxe5 Nxe5 25. Nxe5 Qxe5 26. Qd2 Re8 27.
Kf2 Rc8 28. Rd1 Rd8 29. Qd4 Qe6 30. b4 g6 31. Rc1 Qd6 32. g3 Kf7 33. Ke2 Qd7
34. Qb6 Rc8 35. Rc5 d4 36. exd4 Re8+ 37. Kf1 Re7 1/2-1/2

[Event "GBR-ch108 Under 14"]
[Site "Torquay"]
[Date "2022.08.11"]
[Round "6"]
[White "Hobson, Kenneth"]
[Black "Whelan, Joseph"]
[Result "1-0"]
[WhiteElo "1884"]
[BlackElo "1480"]
[PlyCount "109"]
[EventDate "2022.08.08"]
[EventType "swiss"]
[EventRounds "7"]
[EventCountry "GBR"]
[SourceTitle "BritBase"]
[Source "John Saunders"]
[SourceDate "2021.06.05"]
[SourceVersion "1"]
[SourceVersionDate "2021.06.05"]
[SourceQuality "1"]

1. e4 e6 2. b3 d5 3. Bb2 c5 4. exd5 exd5 5. Nf3 Nc6 6. Bb5 Bg4 7. O-O d4 8. d3
Nf6 9. Nbd2 Be7 10. Nc4 Nd7 11. Qe2 O-O 12. Bxc6 bxc6 13. Qe4 Bxf3 14. Qxf3 Qc7
15. Rae1 Bf6 16. Bc1 Nb6 17. Bf4 Qd8 18. Qxc6 Qd5 19. Qxd5 Nxd5 20. Bd6 Rfc8
21. a3 a5 22. a4 Rc6 23. Be5 Be7 24. Bg3 f6 25. Re4 Kf7 26. Rfe1 Ra7 27. h3
Rca6 28. Rf1 Nb4 29. Re2 Nd5 30. f4 g6 31. h4 f5 32. h5 Bf6 33. hxg6+ hxg6 34.
Be1 Bd8 35. Bd2 Re7 36. Rxe7+ Nxe7 37. Re1 Bc7 38. g3 Bd8 39. Re5 Rc6 40. Kg2
Bc7 41. Re2 Ra6 42. Ne5+ Ke8 43. Nc4 Kf7 44. Kf3 Kf8 45. Ne5 Rd6 46. Bc1 Bd8
47. Ba3 Rd5 48. Bxc5 Bc7 49. Nxg6+ Kf7 50. Rxe7+ Kxg6 51. Rxc7 Rd8 52. Rc6+ Kh5
53. Rf6 Rd5 54. Bf8 Rd7 55. Rh6# 1-0

[Event "GBR-ch108 Under 14"]
[Site "Torquay"]
[Date "2022.08.12"]
[Round "7"]
[White "Buanne, Luca"]
[Black "Bharat Kumar, Balahari"]
[Result "1-0"]
[WhiteElo "1979"]
[BlackElo "1738"]
[PlyCount "133"]
[EventDate "2022.08.08"]
[EventType "swiss"]
[EventRounds "7"]
[EventCountry "GBR"]
[SourceTitle "BritBase"]
[Source "John Saunders"]
[SourceDate "2021.06.05"]
[SourceVersion "1"]
[SourceVersionDate "2021.06.05"]
[SourceQuality "1"]

1. d4 d5 2. c4 e6 3. g3 Nf6 4. Bg2 c6 5. Nf3 Nbd7 6. Qc2 Be7 7. O-O O-O 8. b3
b6 9. Rd1 Bb7 10. Nc3 Rc8 11. e4 dxe4 12. Nxe4 c5 13. Nfg5 Nxe4 14. Nxe4 Bxe4
15. Bxe4 f5 16. d5 exd5 17. Bxd5+ Kh8 18. Be6 Bf6 19. Rxd7 Qe8 20. Rxa7 Qxe6
21. Bb2 Rcd8 22. Bxf6 Qxf6 23. Rd1 Rfe8 24. Rxd8 Rxd8 25. Qe2 f4 26. Re7 h6 27.
Re8+ Rxe8 28. Qxe8+ Kh7 29. Qe4+ Kg8 30. Qxf4 Qa1+ 31. Kg2 Qxa2 32. Qb8+ Kh7
33. Qxb6 Qa8+ 34. f3 Qa2+ 35. Kh3 Qf2 36. Qc6 Qf1+ 37. Kg4 Qf2 38. Qe4+ Kh8 39.
Qe5 Kh7 40. h4 g6 41. Qe7+ Kg8 42. Qe8+ Kg7 43. Kf4 g5+ 44. hxg5 hxg5+ 45. Kg4
Qb2 46. Qe7+ Kh8 47. Qe8+ Kg7 48. Qd7+ Kh8 49. Qd8+ Kh7 50. Qxg5 Qxb3 51. Qxc5
Qb8 52. Qe7+ Kh8 53. c5 Qg8+ 54. Kh3 Qc8+ 55. Kg2 Qa6 56. Qe5+ Kg8 57. Qe8+ Kg7
58. c6 Qa2+ 59. Kh3 Qf2 60. Qe7+ Kg6 61. Qe4+ Kh5 62. Qh4+ Kg6 63. Qg4+ Kh6 64.
Qe6+ Kh5 65. Qd5+ Kg6 66. Qc4 Qg1 67. Kg4 1-0

[Event "GBR-ch108 Under 14"]
[Site "Torquay"]
[Date "2022.08.12"]
[Round "7"]
[White "Dasgupta, Avyukt"]
[Black "Hobson, Kenneth"]
[Result "1/2-1/2"]
[WhiteElo "1674"]
[BlackElo "1884"]
[PlyCount "120"]
[EventDate "2022.08.08"]
[EventType "swiss"]
[EventRounds "7"]
[EventCountry "GBR"]
[SourceTitle "BritBase"]
[Source "John Saunders"]
[SourceDate "2021.06.05"]
[SourceVersion "1"]
[SourceVersionDate "2021.06.05"]
[SourceQuality "1"]

1. d4 Nf6 2. c3 c5 3. Nf3 e6 4. Bf4 Qb6 5. Qb3 Qxb3 6. axb3 Nc6 7. e3 b6 8.
Nbd2 Nh5 9. Bg3 Nxg3 10. hxg3 Bb7 11. Bd3 Be7 12. Ke2 cxd4 13. exd4 g6 14. Ba6
O-O-O 15. b4 d5 16. b5 Nb8 17. Bxb7+ Kxb7 18. Ne5 Rdf8 19. Ra4 f6 20. Nc6 a6
21. Nxe7 Re8 22. bxa6+ Ka7 23. Nxg6 hxg6 24. Rxh8 Rxh8 25. b4 b5 26. Ra5 Nc6
27. Rxb5 Kxa6 28. Rc5 Kb6 29. c4 Nxd4+ 30. Kd3 Nc6 31. Nb3 Ne5+ 32. Kc3 Nxc4
33. Nd4 e5 34. Rxd5 Rc8 35. Nf3 Nd6+ 36. Kb3 Ne4 37. Rd3 Nxf2 38. Re3 Ng4 39.
Re4 f5 40. Rc4 Rd8 41. Rc3 e4 42. Ng1 Rd2 43. Rc2 Rd6 44. Rc3 Nf6 45. Ne2 Nd5
46. Rc5 Ne3 47. Nf4 g5 48. Nh3 Rg6 49. g4 Nxg4 50. Rxf5 e3 51. Rxg5 Rxg5 52.
Nxg5 Ne5 53. Kc2 Kb5 54. Kd1 Kxb4 55. Ke2 Kc4 56. Kxe3 Kd5 57. Kf4 Ng6+ 58. Kg4
Ke5 59. Nh7 Nf4 60. g3 Ne2 1/2-1/2

[Event "GBR-ch108 Under 14"]
[Site "Torquay"]
[Date "2022.08.12"]
[Round "7"]
[White "Hill-Wood, T Wilfred D"]
[Black "Chan, Michelle Ngo Yu"]
[Result "0-1"]
[WhiteElo "1475"]
[BlackElo "1638"]
[PlyCount "102"]
[EventDate "2022.08.08"]
[EventType "swiss"]
[EventRounds "7"]
[EventCountry "GBR"]
[SourceTitle "BritBase"]
[Source "John Saunders"]
[SourceDate "2021.06.05"]
[SourceVersion "1"]
[SourceVersionDate "2021.06.05"]
[SourceQuality "1"]

1. e4 e5 2. Nf3 Nc6 3. d4 exd4 4. Nxd4 Bc5 5. Be3 Qf6 6. Nb5 Bxe3 7. fxe3 Qh4+
8. g3 Qd8 9. Qg4 g6 10. Qf4 d6 11. N1c3 a6 12. Nd4 Ne5 13. Nf3 g5 14. Qxe5+
dxe5 15. Rd1 Qf6 16. Be2 c6 17. Rf1 Qe7 18. Nd2 b5 19. a4 Bd7 20. Ra1 b4 21.
Na2 Nf6 22. Nc1 Bh3 23. Rf2 Ng4 24. Bxg4 Bxg4 25. Nd3 f6 26. Nb3 Be6 27. Na5
Qc7 28. Nb3 Bxb3 29. cxb3 Qe7 30. Rc1 Rc8 31. Rc4 c5 32. Rfc2 Kf7 33. Nxb4 cxb4
34. Rxc8 Rxc8 35. Rxc8 Qe6 36. Rc4 a5 37. Kd2 Kg6 38. Kc2 Kh5 39. Rc5 Qb6 40.
Rd5 Qxe3 41. Rxa5 Qxe4+ 42. Kc1 Qe3+ 43. Kc2 Qe2+ 44. Kb1 e4 45. Rb5 e3 46. g4+
Kg6 47. h4 Qxg4 48. a5 e2 49. h5+ Qxh5 50. Rxg5+ Qxg5 51. a6 e1=Q+ 0-1

[Event "GBR-ch108 Under 14"]
[Site "Torquay"]
[Date "2022.08.12"]
[Round "7"]
[White "Latypova, Olga L"]
[Black "Aditya, Tari"]
[Result "1-0"]
[WhiteElo "1567"]
[BlackElo "1230"]
[PlyCount "49"]
[EventDate "2022.08.08"]
[EventType "swiss"]
[EventRounds "7"]
[EventCountry "GBR"]
[SourceTitle "BritBase"]
[Source "John Saunders"]
[SourceDate "2021.06.05"]
[SourceVersion "1"]
[SourceVersionDate "2021.06.05"]
[SourceQuality "1"]

1. e4 e5 2. Nf3 Nc6 3. Bc4 f5 4. d3 h6 5. c3 Nf6 6. Qe2 a6 7. Bb3 d5 8. exd5
Nxd5 9. Nxe5 Nxe5 10. Qxe5+ Qe7 11. Qxe7+ Nxe7 12. O-O Bd7 13. Nd2 O-O-O 14.
Nf3 Be8 15. d4 Ng6 16. Be6+ Bd7 17. Bf7 Be8 18. Bb3 Bd6 19. Re1 Bc6 20. d5 Be8
21. Nd4 Bf7 22. Nxf5 Bf8 23. Rd1 c6 24. dxc6 Bxb3 25. cxb7+ 1-0

[Event "GBR-ch108 Under 14"]
[Site "Torquay"]
[Date "2022.08.12"]
[Round "7"]
[White "Whelan, Joseph"]
[Black "Evans, Ruben Nangalia"]
[Result "0-1"]
[WhiteElo "1480"]
[BlackElo "1533"]
[PlyCount "86"]
[EventDate "2022.08.08"]
[EventType "swiss"]
[EventRounds "7"]
[EventCountry "GBR"]
[SourceTitle "BritBase"]
[Source "John Saunders"]
[SourceDate "2021.06.05"]
[SourceVersion "1"]
[SourceVersionDate "2021.06.05"]
[SourceQuality "1"]

1. d4 d5 2. Bf4 Nf6 3. e3 Bf5 4. Nc3 a6 5. Nf3 e6 6. a3 c5 7. Be2 Nc6 8. Bd3
Bg4 9. Be2 cxd4 10. exd4 Bd6 11. Bg3 Bxg3 12. hxg3 Bxf3 13. Bxf3 Qb6 14. Ne2
Qxb2 15. O-O Qb6 16. Qd3 O-O 17. Rfb1 Qa7 18. c4 dxc4 19. Qxc4 Rac8 20. Qd3
Rfd8 21. Bxc6 Rxc6 22. Qb3 Rc7 23. g4 Nd5 24. a4 h6 25. a5 Ne7 26. g5 hxg5 27.
Qg3 Rcd7 28. Qxg5 Nf5 29. d5 Rxd5 30. Nf4 Rd2 31. Rf1 Qd4 32. g3 Rxf2 33. Qxd8+
Qxd8 34. Rxf2 Nxg3 35. Rc1 g6 36. Ng2 Qxa5 37. Rcc2 Qa1+ 38. Kh2 Qe5 39. Rc4
Ne2+ 40. Kh1 Qa1+ 41. Kh2 Qg1+ 42. Kh3 Qh1+ 43. Kg4 Qh5# 0-1

[Event "GBR-ch108 Under 12"]
[Site "Torquay"]
[Date "2022.08.08"]
[Round "1"]
[White "Binu, Nathan"]
[Black "Steiners, Emils"]
[Result "1-0"]
[WhiteElo "1276"]
[BlackElo "1686"]
[PlyCount "74"]
[EventDate "2022.08.08"]
[EventType "swiss"]
[EventRounds "7"]
[EventCountry "GBR"]
[SourceTitle "BritBase"]
[Source "John Saunders"]
[SourceDate "2021.06.05"]
[SourceVersion "1"]
[SourceVersionDate "2021.06.05"]
[SourceQuality "1"]

1. e4 e6 2. d4 d5 3. e5 c5 4. c3 Nc6 5. Nf3 Qb6 6. Be2 Nh6 7. Bxh6 Qxb2 8. Bxg7
Bxg7 9. Nbd2 Qxc3 10. Rc1 Qa3 11. Rxc5 Nxd4 12. Qc1 Qxc1+ 13. Rxc1 Nc6 14. Bb5
Bd7 15. Bxc6 Bxc6 16. O-O Ke7 17. Nb3 Rac8 18. Rc3 Rc7 19. Rfc1 Rhc8 20. Na5
Kd7 21. Nxc6 Rxc6 22. Rxc6 Rxc6 23. Re1 Rc2 24. Ng5 Bxe5 25. Nxf7 Bd4 26. Rf1
Rxa2 27. h3 b5 28. Ng5 b4 29. Nf3 Bf6 30. Kh2 b3 31. Rd1 b2 32. Nd2 Ra1 33. Rb1
Rxb1 34. Nxb1 a5 35. Kg3 a4 36. Kf3 Be7 37. Ke2 a3 1-0

[Event "GBR-ch108 Under 12"]
[Site "Torquay"]
[Date "2022.08.08"]
[Round "1"]
[White "Jayawarna, Thisumi"]
[Black "Kong, Emma"]
[Result "1/2-1/2"]
[WhiteElo "1432"]
[BlackElo "1290"]
[PlyCount "38"]
[EventDate "2022.08.08"]
[EventType "swiss"]
[EventRounds "7"]
[EventCountry "GBR"]
[SourceTitle "BritBase"]
[Source "John Saunders"]
[SourceDate "2021.06.05"]
[SourceVersion "1"]
[SourceVersionDate "2021.06.05"]
[SourceQuality "1"]

1. e4 c5 2. Nf3 d6 3. d4 cxd4 4. Nxd4 Nf6 5. Nc3 a6 6. Bg5 e6 7. f4 Be7 8. Qf3
Nbd7 9. O-O-O h6 10. Bh4 Qc7 11. Kb1 b5 12. Bxf6 Bxf6 13. e5 Bb7 14. Nxe6 fxe6
15. Qh5+ Kf8 16. exf6 Nxf6 17. Qe2 Kf7 18. a3 Rhe8 19. Qd2 Rad8 1/2-1/2

[Event "GBR-ch108 Under 12"]
[Site "Torquay"]
[Date "2022.08.08"]
[Round "1"]
[White "Pereslavtsev, Alexandr"]
[Black "Shi, Shaoquan"]
[Result "1-0"]
[WhiteElo "1471"]
[BlackElo "1392"]
[PlyCount "117"]
[EventDate "2022.08.08"]
[EventType "swiss"]
[EventRounds "7"]
[EventCountry "GBR"]
[SourceTitle "BritBase"]
[Source "John Saunders"]
[SourceDate "2021.06.05"]
[SourceVersion "1"]
[SourceVersionDate "2021.06.05"]
[SourceQuality "1"]

1. d4 d5 2. c4 c6 3. Nc3 Nf6 4. Nf3 dxc4 5. a4 Bf5 6. e3 e6 7. Bxc4 Nbd7 8. O-O
Bb4 9. Bd2 O-O 10. Re1 Nb6 11. Bb3 a5 12. Ne2 Bxd2 13. Qxd2 Ne4 14. Qc1 Rc8 15.
Nc3 Qe7 16. Bc2 Nxc3 17. bxc3 Bxc2 18. Qxc2 c5 19. Qb3 Nd5 20. e4 Nf4 21. Qb5
Qc7 22. Rab1 cxd4 23. cxd4 Rb8 24. Rec1 Qd8 25. Kf1 Qe8 26. Qxe8 Rfxe8 27. Rc5
b6 28. Rcb5 Rec8 29. Rxb6 Rxb6 30. Rxb6 Rc1+ 31. Ne1 h6 32. Rb3 Nxg2 33. Kxg2
Rxe1 34. Kf3 Ra1 35. Rb8+ Kh7 36. d5 Rxa4 37. dxe6 fxe6 38. Re8 Kg6 39. Rxe6+
Kf7 40. Ra6 Ra1 41. h4 a4 42. Kg4 a3 43. Kf5 a2 44. Ra7+ Kg8 45. e5 Kf8 46. h5
Kg8 47. Ke6 Kh7 48. f4 Kg8 49. Ra8+ Kh7 50. Kf7 Rf1 51. Rxa2 Rxf4+ 52. Ke7 Rf5
53. e6 Rf1 54. Rd2 Ra1 55. Ke8 Kg8 56. e7 Ra8+ 57. Kd7 Ra7+ 58. Ke6 Ra6+ 59.
Rd6 1-0

[Event "GBR-ch108 Under 12"]
[Site "Torquay"]
[Date "2022.08.08"]
[Round "1"]
[White "Rastogi, Nayan Keats"]
[Black "Kumar, Sanjit S"]
[Result "0-1"]
[WhiteElo "1439"]
[BlackElo "1711"]
[PlyCount "108"]
[EventDate "2022.08.08"]
[EventType "swiss"]
[EventRounds "7"]
[EventCountry "GBR"]
[SourceTitle "BritBase"]
[Source "John Saunders"]
[SourceDate "2021.06.05"]
[SourceVersion "1"]
[SourceVersionDate "2021.06.05"]
[SourceQuality "1"]

1. e4 e6 2. d4 d5 3. e5 c5 4. c3 Nc6 5. Nf3 Qb6 6. a3 c4 7. Nbd2 Na5 8. Be2 Bd7
9. O-O O-O-O 10. Qc2 Kb8 11. Ng5 Be8 12. Ngf3 h6 13. Ne1 Ne7 14. Qb1 Ba4 15.
Nc2 g6 16. Nb4 Nb3 17. Nxb3 Bxb3 18. Bd1 Bxd1 19. Rxd1 a5 20. Nc2 Nf5 21. Ne3
Nxe3 22. fxe3 Be7 23. Rf1 Rdf8 24. e4 f5 25. exf6 Bxf6 26. Kh1 Bg7 27. Re1 Rf2
28. e5 Rhf8 29. Be3 R2f5 30. Qc2 Bxe5 31. Bxh6 Rh8 32. Rxe5 Rxe5 33. Bg7 Reh5
34. Bxh8 Rxh8 35. Qxg6 Qxb2 36. Rb1 Qa2 37. Rf1 Qxa3 38. Qxe6 Ka7 39. Qxd5 Qxc3
40. Qc5+ b6 41. Qc7+ Ka6 42. d5 Qd3 43. Rc1 Qxd5 44. Qxc4+ Qxc4 45. Rxc4 b5 46.
Rc1 b4 47. h3 a4 48. Ra1 Kb5 49. Kh2 b3 50. g4 b2 51. Rb1 a3 52. Kg3 Kc4 53.
Rh1 a2 54. h4 b1=Q 0-1

[Event "GBR-ch108 Under 12"]
[Site "Torquay"]
[Date "2022.08.08"]
[Round "1"]
[White "Singh, Hari"]
[Black "Ashton, Alannah"]
[Result "1/2-1/2"]
[WhiteElo "1129"]
[BlackElo "1212"]
[PlyCount "92"]
[EventDate "2022.08.08"]
[EventType "swiss"]
[EventRounds "7"]
[EventCountry "GBR"]
[SourceTitle "BritBase"]
[Source "John Saunders"]
[SourceDate "2021.06.05"]
[SourceVersion "1"]
[SourceVersionDate "2021.06.05"]
[SourceQuality "1"]

1. d4 Nf6 2. Nf3 c5 3. c3 g6 4. e3 Bg7 5. Bd3 O-O 6. e4 cxd4 7. cxd4 d5 8. Nc3
dxe4 9. Nxe4 Nd5 10. Bc4 Bg4 11. Bxd5 Qxd5 12. Nc3 Qe6+ 13. Be3 Bxf3 14. Qxf3
Bxd4 15. O-O Bxe3 16. Qxe3 Qxe3 17. fxe3 Nc6 18. Rad1 Rad8 19. a3 Kg7 20. Ne4
Ne5 21. Rc1 Rc8 22. b3 Rfd8 23. Rfd1 Ng4 24. h3 Nxe3 25. Rxd8 Rxd8 26. Rc7 Rd4
27. Nf2 Nd5 28. Rxb7 e5 29. Rd7 Nf4 30. Rxa7 Nd3 31. Re7 Kf8 32. Rc7 Nxf2 33.
Kxf2 Rd3 34. Rb7 f5 35. Rxh7 Rxb3 36. a4 Ra3 37. Ra7 e4 38. Ra6 Kg7 39. a5 f4
40. Ra7+ Kf6 41. Ra6+ Kf5 42. Ra7 Ra2+ 43. Kf1 Ra1+ 44. Kf2 Ra2+ 45. Kf1 Ra1+
46. Kf2 Ra2+ 1/2-1/2

[Event "GBR-ch108 Under 12"]
[Site "Torquay"]
[Date "2022.08.09"]
[Round "2"]
[White "Dicen, Elis Denele"]
[Black "Singh, Hari"]
[Result "1-0"]
[WhiteElo "1712"]
[BlackElo "1129"]
[PlyCount "59"]
[EventDate "2022.08.08"]
[EventType "swiss"]
[EventRounds "7"]
[EventCountry "GBR"]
[SourceTitle "BritBase"]
[Source "John Saunders"]
[SourceDate "2021.06.05"]
[SourceVersion "1"]
[SourceVersionDate "2021.06.05"]
[SourceQuality "1"]

1. d4 Nf6 2. Bg5 e6 3. Nd2 Be7 4. e3 d5 5. Bd3 O-O 6. c3 b6 7. f4 Bb7 8. Bxf6
Bxf6 9. Ngf3 c5 10. O-O Nd7 11. Qe2 c4 12. Bc2 Rc8 13. e4 Be7 14. Rae1 f6 15.
exd5 Bxd5 16. Be4 Bxe4 17. Qxe4 e5 18. fxe5 fxe5 19. Nxe5 Rxf1+ 20. Rxf1 Nf6
21. Qf5 h6 22. Ndxc4 Rxc4 23. Nxc4 Qd5 24. Qxd5+ Nxd5 25. Re1 Bf6 26. g3 Kh7
27. Ne3 Nxe3 28. Rxe3 Bg5 29. Re2 a5 30. Kf2 1-0

[Event "GBR-ch108 Under 12"]
[Site "Torquay"]
[Date "2022.08.09"]
[Round "2"]
[White "Eccleston, Rowan"]
[Black "Jayawarna, Thisumi"]
[Result "0-1"]
[WhiteElo "1020"]
[BlackElo "1432"]
[PlyCount "120"]
[EventDate "2022.08.08"]
[EventType "swiss"]
[EventRounds "7"]
[EventCountry "GBR"]
[SourceTitle "BritBase"]
[Source "John Saunders"]
[SourceDate "2021.06.05"]
[SourceVersion "1"]
[SourceVersionDate "2021.06.05"]
[SourceQuality "1"]

1. f4 d5 2. Nf3 g6 3. e3 Bg7 4. Nc3 Nf6 5. Bd3 O-O 6. O-O c5 7. Rb1 Nc6 8. Bb5
Bd7 9. Bxc6 Bxc6 10. d3 Ng4 11. Ne2 Nf6 12. Bd2 Rc8 13. b3 b6 14. Ne5 Bb7 15.
Nf3 e6 16. h3 Ba6 17. Ne5 Ne8 18. c4 dxc4 19. dxc4 Nd6 20. Nf3 Ne4 21. Qc2 Bb7
22. Rbd1 Qe7 23. Bc1 Rfd8 24. Bb2 Nf6 25. g4 Rxd1 26. Qxd1 Nxg4 27. hxg4 Bxb2
28. Qc2 Bg7 29. g5 e5 30. Ng3 exf4 31. exf4 Qe3+ 32. Qf2 Qxf4 33. Kh2 Bxf3 34.
Qxf3 Qxf3 35. Rxf3 Be5 36. Kh3 Bxg3 37. Rxg3 Rd8 38. Rg2 Kg7 39. Kh4 Rd4+ 40.
Kh3 h6 41. gxh6+ Kxh6 42. Rf2 f5 43. Rf3 Kg5 44. Rg3+ Rg4 45. Rd3 Rd4 46. Rg3+
Kh5 47. a4 Rh4+ 48. Kg2 Rg4 49. Rxg4 Kxg4 50. a5 f4 51. axb6 axb6 52. Kf2 f3
53. Kg1 Kg3 54. Kf1 f2 55. b4 cxb4 56. c5 bxc5 57. Ke2 Kg2 58. Ke3 f1=Q 59. Kd2
Qf3 60. Kc1 Qe2 0-1

[Event "GBR-ch108 Under 12"]
[Site "Torquay"]
[Date "2022.08.09"]
[Round "2"]
[White "Harandi, Kamran"]
[Black "Lapidus, Alexey M"]
[Result "0-1"]
[WhiteElo "1176"]
[BlackElo "1300"]
[PlyCount "62"]
[EventDate "2022.08.08"]
[EventType "swiss"]
[EventRounds "7"]
[EventCountry "GBR"]
[SourceTitle "BritBase"]
[Source "John Saunders"]
[SourceDate "2021.06.05"]
[SourceVersion "1"]
[SourceVersionDate "2021.06.05"]
[SourceQuality "1"]

1. d4 d5 2. c4 e6 3. Nc3 Nf6 4. cxd5 exd5 5. Bg5 Be7 6. e3 O-O 7. Bd3 b6 8. Nf3
Bb7 9. O-O Nbd7 10. Qc2 h6 11. Bh4 c5 12. Rfd1 a6 13. dxc5 bxc5 14. Bf5 Qc7 15.
Bxd7 Qxd7 16. Na4 Qb5 17. Nc3 Qc4 18. Bxf6 Bxf6 19. Rac1 d4 20. Qa4 Qe6 21.
exd4 cxd4 22. Ne2 Bxf3 23. gxf3 Qxe2 24. b3 Rac8 25. Rb1 Rc2 26. Rf1 Qxf3 27.
b4 Re2 28. Qb3 d3 29. Rbd1 Rd8 30. a4 Rd4 31. Rc1 Rg4# 0-1

[Event "GBR-ch108 Under 12"]
[Site "Torquay"]
[Date "2022.08.09"]
[Round "2"]
[White "Kong, Emma"]
[Black "Han, Qixuan"]
[Result "0-1"]
[WhiteElo "1290"]
[BlackElo "1489"]
[PlyCount "104"]
[EventDate "2022.08.08"]
[EventType "swiss"]
[EventRounds "7"]
[EventCountry "GBR"]
[SourceTitle "BritBase"]
[Source "John Saunders"]
[SourceDate "2021.06.05"]
[SourceVersion "1"]
[SourceVersionDate "2021.06.05"]
[SourceQuality "1"]

1. d4 d5 2. c4 c6 3. Nc3 Nf6 4. Bf4 e6 5. e3 Bd6 6. Bxd6 Qxd6 7. Nf3 Nbd7 8.
Be2 dxc4 9. O-O b5 10. a3 O-O 11. Qc2 Bb7 12. h3 a6 13. Rad1 Qc7 14. e4 Rad8
15. e5 Nd5 16. Nxd5 cxd5 17. Ng5 g6 18. f4 Rfe8 19. Qc3 h6 20. Nf3 Nf8 21. Nh2
Qe7 22. Qg3 Kh7 23. Ng4 Nd7 24. Rc1 f5 25. Nh2 Rg8 26. Nf3 Rdf8 27. Qh4 Qxh4
28. Nxh4 g5 29. fxg5 hxg5 30. Nf3 a5 31. Nd2 Nb6 32. Rf3 Bc8 33. b3 Bd7 34. Kh2
Be8 35. Rf2 Rg6 36. Bh5 Rh6 37. Bxe8 Rxe8 38. g3 Rc8 39. Nf3 g4 40. Ng5+ Kg7
41. h4 cxb3 42. Rxc8 Nxc8 43. Rb2 a4 44. Rb1 Nb6 45. Kg2 Nc4 46. Rc1 Kf8 47.
Kf2 Ke7 48. Ke2 f4 49. Kf2 fxg3+ 50. Kxg3 Kd7 51. Kxg4 Nxa3 52. Rf1 b2 0-1

[Event "GBR-ch108 Under 12"]
[Site "Torquay"]
[Date "2022.08.09"]
[Round "2"]
[White "Kumar, Sanjit S"]
[Black "Zhu, Pengxiao"]
[Result "1-0"]
[WhiteElo "1711"]
[BlackElo "1391"]
[PlyCount "71"]
[EventDate "2022.08.08"]
[EventType "swiss"]
[EventRounds "7"]
[EventCountry "GBR"]
[SourceTitle "BritBase"]
[Source "John Saunders"]
[SourceDate "2021.06.05"]
[SourceVersion "1"]
[SourceVersionDate "2021.06.05"]
[SourceQuality "1"]

1. d4 d5 2. c4 e6 3. Nc3 Nf6 4. cxd5 exd5 5. Bg5 Nbd7 6. e3 Be7 7. Bd3 c6 8.
Qc2 O-O 9. Nge2 b6 10. O-O Bb7 11. Ng3 g6 12. Bh6 Re8 13. f3 c5 14. Rfe1 Rc8
15. Qf2 cxd4 16. exd4 Bb4 17. Rxe8+ Qxe8 18. Bd2 Bf8 19. a3 a6 20. Re1 Qd8 21.
h4 Bd6 22. Nf1 h5 23. Qe2 Nh7 24. Bxg6 fxg6 25. Qe6+ Kh8 26. Qxd6 Ndf8 27. Qxd8
Rxd8 28. Bf4 b5 29. Nd2 Bc6 30. Nb3 Nd7 31. Re6 Bb7 32. Na5 Nhf8 33. Rd6 Bc8
34. Nxd5 Kg7 35. Nc7 Kf7 36. Nc6 1-0

[Event "GBR-ch108 Under 12"]
[Site "Torquay"]
[Date "2022.08.09"]
[Round "2"]
[White "Shi, Shaoquan"]
[Black "Patel, Zain"]
[Result "0-1"]
[WhiteElo "1392"]
[BlackElo "1679"]
[PlyCount "82"]
[EventDate "2022.08.08"]
[EventType "swiss"]
[EventRounds "7"]
[EventCountry "GBR"]
[SourceTitle "BritBase"]
[Source "John Saunders"]
[SourceDate "2021.06.05"]
[SourceVersion "1"]
[SourceVersionDate "2021.06.05"]
[SourceQuality "1"]

1. d4 Nf6 2. c4 e6 3. Nc3 Bb4 4. e3 O-O 5. Nge2 Re8 6. a3 Bf8 7. g3 d5 8. Bg2
c6 9. O-O Nbd7 10. e4 dxc4 11. f4 b6 12. h3 g6 13. e5 Nd5 14. Nxd5 cxd5 15. g4
Bb7 16. Ng3 Rc8 17. Bd2 b5 18. f5 Qb6 19. Bf4 c3 20. b3 b4 21. a4 c2 22. Qd2
Rc3 23. Rf3 Rec8 24. Rc1 Ba6 25. f6 Rxf3 26. Bxf3 Rc3 27. Be2 Bxe2 28. Nxe2
Rxb3 29. Rxc2 Ra3 30. Bh6 b3 31. Rc8 b2 32. Bxf8 b1=Q+ 33. Kf2 Rf3+ 34. Kxf3
Qf1+ 35. Kg3 Qb3+ 36. Nc3 Qg1+ 37. Kf3 Qf1+ 38. Kg3 Nxf8 39. Qh6 Qg1+ 40. Kf3
Qf1+ 41. Kg3 Qd3+ 0-1

[Event "GBR-ch108 Under 12"]
[Site "Torquay"]
[Date "2022.08.09"]
[Round "2"]
[White "Steiners, Emils"]
[Black "Yu, Rock"]
[Result "1-0"]
[WhiteElo "1686"]
[BlackElo "1409"]
[PlyCount "95"]
[EventDate "2022.08.08"]
[EventType "swiss"]
[EventRounds "7"]
[EventCountry "GBR"]
[SourceTitle "BritBase"]
[Source "John Saunders"]
[SourceDate "2021.06.05"]
[SourceVersion "1"]
[SourceVersionDate "2021.06.05"]
[SourceQuality "1"]

1. d4 d6 2. c4 e5 3. d5 f5 4. Nc3 Nf6 5. Bg5 Be7 6. Qd2 Na6 7. h4 h6 8. Bxf6
Bxf6 9. h5 Qe7 10. e3 Bd7 11. Nf3 O-O-O 12. Be2 Rdg8 13. O-O-O g5 14. Ne1 Qg7
15. Nc2 Nc5 16. Kb1 Na4 17. Nxa4 Bxa4 18. b3 Bd7 19. Qa5 Kb8 20. Nb4 Qe7 21.
Nc2 g4 22. b4 b6 23. Qa3 Qe8 24. b5 e4 25. g3 Rg5 26. Nb4 Rxh5 27. Rxh5 Qxh5
28. Na6+ Kb7 29. Nxc7 Be5 30. c5 dxc5 31. d6 Rc8 32. Qa6+ Kb8 33. Nd5 Qf7 34.
Nxb6 axb6 35. Qxb6+ Ka8 36. Qa6+ Kb8 37. b6 Bb5 38. Bxb5 Qb7 39. Qa5 Rd8 40. d7
Qa8 41. Qxa8+ Kxa8 42. Bc6+ Kb8 43. Rd5 Bc3 44. Rxc5 Be1 45. Rxf5 Bb4 46. Re5
Bd6 47. Ra5 Bf4 48. Ra8# 1-0

[Event "GBR-ch108 Under 12"]
[Site "Torquay"]
[Date "2022.08.09"]
[Round "3"]
[White "Catabay, Mae C"]
[Black "Grose, Kameron"]
[Result "1/2-1/2"]
[WhiteElo "1401"]
[BlackElo "1515"]
[PlyCount "46"]
[EventDate "2022.08.08"]
[EventType "swiss"]
[EventRounds "7"]
[EventCountry "GBR"]
[SourceTitle "BritBase"]
[Source "John Saunders"]
[SourceDate "2021.06.05"]
[SourceVersion "1"]
[SourceVersionDate "2021.06.05"]
[SourceQuality "1"]

1. d4 d5 2. c4 c6 3. Nc3 Nf6 4. Nf3 e6 5. e3 Be7 6. Bd3 dxc4 7. Bxc4 b5 8. Bd3
Bb7 9. O-O Nbd7 10. Qe2 O-O 11. Bd2 a6 12. a3 c5 13. Bc2 Rc8 14. Rac1 Qb6 15.
Rfd1 Rfd8 16. Be1 Nb8 17. dxc5 Bxc5 18. Rxd8+ Rxd8 19. Rd1 Nc6 20. Rxd8+ Qxd8
21. b4 Bb6 22. Ne4 Nxe4 23. Bxe4 Qd7 1/2-1/2